A Balaton szelet márkafiatalítása

Bibliographic Details
Main Author: Mátyás Péter
Other Authors: Kopcsay Dr. László
Format: Thesis
Kulcsszavak:Márkafiatalítás
Újrapozícionálás
Csokoládé
Online Access:http://dolgozattar.uni-bge.hu/4623

MARC

LEADER 00000nta a2200000 i 4500
001 dolg4623
005 20160520132917.0
008 151214suuuu hu om 000 hun d
040 |a BGE Dolgozattár Repozitórium  |b hun 
041 |a hu 
100 1 |a Mátyás Péter 
245 1 2 |a A Balaton szelet márkafiatalítása  |c Mátyás Péter  |h [elektronikus dokumentum] 
695 |a Márkafiatalítás 
695 |a Újrapozícionálás 
695 |a Csokoládé 
700 1 |a Kopcsay Dr. László  |e ths 
856 4 0 |u http://dolgozattar.uni-bge.hu/4623/1/A%20Balaton%20szelet%20m%C3%A1rkafiatal%C3%ADt%C3%A1sa.pdf  |z Dokumentum-elérés